Literature by Letter - N - Statistics

General Stats
  • This quiz has been taken 14,238 times
    14,213 since last reset
  • The average score is 13 of 20
Answer Stats
Hint Answer % Correct
Cathedral where Quasimodo lives Notre Dame
97%
The "voice" that speaks or tells a story, usually omniscient Narrator
95%
Magical land were Peter Pan lives Neverland
95%
Aslan's magical world, created by C.S. Lewis Narnia
92%
George Orwell book about Big Brother (the title is spelled out) Nineteen Eighty-Four
90%
Bob Dylan won this literature prize in 2016 Nobel Prize for Literature
83%
It's longer than a short story but shorter than a novel Novella
79%
Captain of that submarine Nemo
72%
Cloud of gas and dust in space. Or, an award given for science fiction writing {Nebula} Award
67%
This tear-jerker by Nicholas Sparks was adapted into a movie starring Rachel McAdams {Notebook}, the
65%
What Edgar Allen Poe's raven quoth Nevermore
62%
Pig from "Animal Farm" who acted like Joseph Stalin Napoleon
60%
Charles Dickens's third novel Nicholas {Nickleby}
59%
Submarine in "20,000 Leagues Under the Sea" Nautilus
56%
Jane Austen cautions against confusing life with art in this "gothic" novel {Northanger} Abbey
44%
Trippy and disturbing book by Beat author William S. Burroughs {Naked} Lunch
40%
A newly coined word or phrase {Neolog}ism
37%
Richard Wright novel about an empoverished African-American youth in 1930s Chicago {Native} Son
27%
This "postmodern" novel by Don DeLillo deals with fear of death White {Noise}
24%
14th novel in Sue Grafton's "Alphabet" series of mystery novels N is for {Noose}
10%
No matching quizzes found
Score Distribution
Percent of People with Each Score
Percentile by Number Answered
Your Score History
You have not taken this quiz since the last reset